| 000 | 03048nam0a2200433 4500 | ||
|---|---|---|---|
| 001 | RU\NLR\BIBL_A\022732779 | ||
| 005 | 20260524043509.0 | ||
| 010 |
_a978-5-4437-1799-9 _934 |
||
| 021 |
_aRU _bКН-П-25-081407 _9КН-П-25-7885 |
||
| 035 | _a(NLR Aleph) 022732779 | ||
| 090 |
_a13709087 _c13709087 |
||
| 100 | _a20260219d2025 k y0rusy50 ca | ||
| 101 | 0 |
_arus _deng |
|
| 102 | _aRU | ||
| 105 | _aa z 101zy | ||
| 181 | 0 |
_ai3 _baxxe |
|
| 182 | 0 | _an | |
| 200 | 1 |
_aМатериалы 63-й Международной научной студенческой конференции, 16-22 апреля 2025 г. _dProceedings of the 63rd International scientific student conference, April, 16-22, 2025 _eМНСК-2025 _iХимия _fСибирское отделение Российской академии наук, Министерство науки и высшего образования РФ, Новосибирский государственный университет _zeng |
|
| 203 |
_aТекст _bвизуальный _cнепосредственный |
||
| 210 |
_aНовосибирск _cИздательско-полиграфический центр НГУ _d2025 |
||
| 215 |
_a215 с. _cил. _d29 |
||
| 300 | _aНа обл.: Международная научная студенческая конференция, 16-22 апреля 2025, Новосибирск: МНСК: материалы секции Химия | ||
| 300 | _aНа обороте тит. л. в макете загл.: Химия: материалы 63-й Международной научной студенческой конференции, 16-22 апреля 2025 г. | ||
| 300 | _aРез. на англ. яз. | ||
| 320 | _aБиблиогр. в конце отд. ст. | ||
| 320 | _aУказ. авт.: с. 203-204 | ||
| 510 | 1 |
_aProceedings of the 63rd International scientific student conference, April, 16-22, 2025 _zeng |
|
| 512 | 1 |
_aМеждународная научная студенческая конференция, 16-22 апреля 2025, Новосибирск _eМНСК _eматериалы секции Химия |
|
| 517 | 1 |
_aХимия _eматериалы 63-й Международной научной студенческой конференции, 16-22 апреля 2025 г. |
|
| 606 | 1 |
_aБиохимия _jСъезды, совещания и т.п _9904648 _3RU\NLR\AUTH\669511 |
|
| 606 | 1 |
_aХимия _jСъезды, совещания и т.п _9898913 _3RU\NLR\AUTH\666296 |
|
| 686 | 1 | _aЕ072я431(0) | |
| 686 | 1 | _aГ1я431(0) | |
| 710 | 1 | 2 |
_a"Студент и научно-технический прогресс", международная научная студенческая конференция _d63 _eНовосибирск _f2025 _92688343 _3RU\NLR\AUTH\880635858 |
| 942 | _cBOOK | ||
| 980 | _aNB | ||